Statistics for The Hunger Games Movies!

Click here to take the quiz!

General Stats

  • This quiz has been taken 45 times
  • The average score is 4 of 5

Answer Stats

HintAnswer% Correct
2012The Hunger Games
98%
2013The Hunger Games: Catching Fire
83%
2014The Hunger Games: Mockingjay Part 1
81%
2015The Hunger Games: Mockingjay Part 2
79%
2023The Ballad of Songbirds and Snakes
52%

Score Distribution

Percentile by Number Answered

Percent of People with Each Score

Your Score History

You have not taken this quiz